Регионална библиотека "Любен Каравелов" - Русе

Нестандартното дете (Запис номер 185869)

MARC детайли
000 -Лидер
Контролно поле с фиксирана дължина 01631nam a2200337 c 4500
003 - Код на организацията, давaща контролен номер
Контролно поле BLK
005 - Дата и час на последна редакция
Контролно поле 20250509120039.0
008 - Елементи от данни с фиксирана дължина
fixed length control field 180411b bul|||||r ||||||| ||bul||
010 ## - Наследен системен номер
LC control number KNG00194863000
040 ## - Източник на каталожния запис
Идентификатор на билиотеката - собственик на записа BLK
041 ## - Код за език
Код за езика на текст/звукозапис или на отделно заглавие Български
Код за езика КДБФ Български
080 ## - УДК
Текстов определител УДК Възпитание у дома. Семейно възпитание
УДК код - определител по УДК 37.018.1
УДК определител
УДК - код + определител 37.018.1
080 ## - УДК
Текстов определител УДК Психология на детската възраст. Интелектуално развитие на децата. Психически особености. Детски представи, описани в разкази
УДК код - определител по УДК 159.922.7
УДК определител
УДК - код + определител 159.922.7
100 1# - Редна дума - Автор
Автор Леви, Владимир Лвович
Авторска отговорност първи автор
R(LIN) 321444
139 ## - Редно поле
Редна дума Леви, Владимир Лвович
Авторски знак Лев - Л 35
245 10 - Сведения за заглавието
Заглавие Нестандартното дете
Редно поле (дума) Владимир Лвович Леви; прев. от рус. Николай Сергеев Бузин.
257 ## - Страна на издаване
Страна на създаване/издаване СССР
260 ## - Област на издателските данни
-- София
Име на издателя, разпространителя и проч. Нар. просв.
Година на издаване 1988
300 ## - Физическа характеристика
Страници 200 с.
Размери/Мащаб 20 см
380 ## - Жанр
Жанр Обществени науки
500 ## - Общи забележки
Забележка Изд. е кн. 2 на Изкуството да общуваме от същия авт. - 51 119 тир.
650 #4 - Допълнително описание по предмет – тема
Основно описание – тема или топоним Възпитание в семейството
9 (RLIN) 242361
650 #4 - Допълнително описание по предмет – тема
Основно описание – тема или топоним Деца - психология и развитие
9 (RLIN) 252362
700 1# - Други автори (авторска отговорност)
Лично име Бузин, Николай Сергеев
Автороска отговорност (Описва отношението между автора и произведението) прев. от рус.
9 (RLIN) 376939
852 ## - Местоположение
Форматна сигнатура Цб 153947
856 4# - Електронен адрес и достъп
Електронен формат pdf - файл
Път до файла /url/
856 4# - Електронен адрес и достъп
Електронен формат pdf - файл
Път до файла /url/
942 ## - АРТИКУЛИ
Вид на библиотечния материал Книги
Скрит в OPAC Не
Koha issues (borrowed), all copies 6
944 ## - СЪЗДАВАНЕ И РЕДАКЦИЯ на ЗАПИСА
Създаване/Редакция Създаване
Дата на регистрацията/редакция 01.11.2016
Служител, извършил регистрацията/редакцията 30542
Статус, дата на статуса Русанова Ирена
944 ## - СЪЗДАВАНЕ И РЕДАКЦИЯ на ЗАПИСА
Създаване/Редакция Редакция
Дата на регистрацията/редакция 01.11.2016
Служител, извършил регистрацията/редакцията Правда_Бадева
999 ## - СИСТЕМНИ КОНТРОЛНИ НОМЕРА
Koha biblionumber 185869
Koha biblioitemnumber 185869
Наличности
Код за отписване Код за изгубен артикул Източник на класификационната схема Код за повреда Коз за рестрикции Код за отдаване Артикулен № Име на библиотеката - собственик Име на библиотеката, в която се намира в момента Статус (Текущо местоположение) Дата на вписване в системата Местоположение - отдел Цена в лева Инвентарен номер Систематично азбучна сигнатура Баркод Номер на екземпляра Цена в евро Служебна бележка Служебен тип на артикула
  Не е изгубен Universal Decimal Classification Не е повреден без рестрикции ползва се в читалня 322781 Регионална библиотека "Любен Каравелов" Русе Регионална библиотека "Любен Каравелов" Русе Хранилище 1988-01-01 Хранилище 0.93 503662 Цб 153947 120000503662 1 0.48 N: стар фонд Дата: 01.01.1988 Книги
  Не е изгубен Universal Decimal Classification Не е повреден без рестрикции заемане за дома 322782 Регионална библиотека "Любен Каравелов" Русе Регионална библиотека "Любен Каравелов" Русе Заемна - подръчен фонд 1988-01-01 Заемна - подръчен фонд 0.93 502844 П 37.018/Л 35 120000502844 2 0.48 N: стар фонд Дата: 01.01.1988 Дата инв: 08.02.2018 Бележки инв: П2018 Книги
  Не е изгубен Universal Decimal Classification Не е повреден без рестрикции заемане за дома 322783 Регионална библиотека "Любен Каравелов" Русе Регионална библиотека "Любен Каравелов" Русе Заемна - подръчен фонд 1988-01-01 Заемна - подръчен фонд 0.93 502845 П 37.018/Л 35 120000502845 3 0.48 N: стар фонд Дата: 01.01.1988 Дата инв: 08.02.2018 Бележки инв: П2018 Книги
Изтеглен Не е изгубен Universal Decimal Classification Не е повреден без рестрикции заемане за дома 322784 Регионална библиотека "Любен Каравелов" Русе Регионална библиотека "Любен Каравелов" Русе Заемна - подръчен фонд 1988-01-01 Заемна - подръчен фонд 0.93 520293 П 37.018/Л 35 520293 4 0.48 N: стар фонд Дата: 01.01.1988 Дата инв: 19.02.2018 Бележки инв: П2018 Книги
Vip Innovations Ltd, Rousse, Bulgaria 2025